Fastest NRL Players - 2022 - Statistics

General Stats
  • This quiz has been taken 159 times
  • The average score is 3 of 5
Answer Stats
Hint Answer % Correct
38.7km/h Josh Addo-Carr (Bulldgos)
95%
37.4km/h Jason Saab (Sea Eagles)
88%
38.0km/h Dominic Young (Knights)
58%
37.4km/h Stephen Crichton (Panthers)
26%
36.9km/h Jojo Fifita (Titans)
23%
No matching quizzes found
Score Distribution
Percent of People with Each Score
Percentile by Number Answered
Your Score History
You have not taken this quiz